Normal view
MARC view
- Burns, Keith Gidea, Marian
Entry Personal Name
001 - CONTROL NUMBER
- control field: 60313
003 - CONTROL NUMBER IDENTIFIER
- control field: NUST
005 - DATE AND TIME OF LATEST TRANSACTION
- control field: 20210628202524.0
008 - FIXED-LENGTH DATA ELEMENTS
- fixed length control field: 210628|| aca||aabn | a|a d
040 ## - CATALOGING SOURCE
- Original cataloging agency: NUST
- Transcribing agency: NUST
100 ## - HEADING--PERSONAL NAME
- Personal name: Burns, Keith Gidea, Marian
670 ## - SOURCE DATA FOUND
- Source citation: Work cat.: (NUST): Burns, Keith Gidea, Marian, Differential geometry and topology with a view to dynamical systems, 2005
